Brighter grammar an english grammar.T.3 /

Saved in:
Bibliographic Details
Main Author: E.Eckersley C.
Format: Book
Language:Vietnamese
Published: Hồng Kông : Hồng Kông , 1953
Edition:In lần thứ 1
Subjects:
Tags: Add Tag
No Tags, Be the first to tag this record!
Institutions: Thư viện Trường CĐ Kỹ Thuật Cao Thắng
LEADER 00633nam a2200205 a 4500
001 TVCDKTCT705
003 Thư viện trường Cao đẳng Kỹ thuật Cao Thắng
005 20050803000000
008 050803
980 \ \ |a Thư viện Trường CĐ Kỹ Thuật Cao Thắng 
024 |a RG_1 #1 eb0 i1 
041 0 # |a vie 
082 # # |a 425 /   |b BR300G-b 
100 1 # |a E.Eckersley C. 
245 0 0 |a Brighter grammar an english grammar.T.3 /  |c E.Eckersley C. 
250 # # |a In lần thứ 1 
260 # # |a Hồng Kông :  |b Hồng Kông ,  |c 1953 
300 # # |a 93tr. ;  |c 17cm 
650 # 4 |a Ngữ pháp 
650 # 4 |a Tiếng Anh